Регионална библиотека "Любен Каравелов" - Русе

Живот назаем (Запис номер 364343)

MARC детайли
000 -Лидер
Контролно поле с фиксирана дължина 01684nam a2200421 a 4500
003 - Код на организацията, давaща контролен номер
Контролно поле BLK
005 - Дата и час на последна редакция
Контролно поле 20250611164239.0
008 - Елементи от данни с фиксирана дължина
fixed length control field 180408b bul|||||r ||||||| ||bul||
010 ## - Наследен системен номер
LC control number KNG00099035000
020 ## - Международен стандартен номер на книга ISBN
Международен стандартен номер на книга ISBN 9789542825388
020 ## - Международен стандартен номер на книга ISBN
Международен стандартен номер на книга ISBN 9789542255390
040 ## - Източник на каталожния запис
Идентификатор на билиотеката - собственик на записа BLK
041 ## - Код за език
Код за езика на текст/звукозапис или на отделно заглавие Български
Код за езика КДБФ Български
072 #7 - Код за тематичната категория
Код организация bullib
Код за тематична категория Н83
Текст Чужда художествена литература Н
080 ## - УДК
Текстов определител УДК Немска литература
УДК код - определител по УДК 821.112.2
УДК определител -31
УДК - код + определител 821.112.2-31
100 1# - Редна дума - Автор
Автор Ремарк, Ерих Мария
Авторска отговорност първи автор
Автор - информация (биография) Ремарк, Ерих Паул
R(LIN) 257978
139 ## - Редно поле
Редна дума Ремарк, Ерих Мария
Авторски знак Рем - Р 51
245 10 - Сведения за заглавието
Заглавие Живот назаем
Подзаглавни данни Роман
Редно поле (дума) Ерих Мария Ремарк; прев. от нем. Венцеслав Константинов.
250 ## - Област на изданието
Сведения за изданието 4. изд.
257 ## - Страна на издаване
Страна на създаване/издаване България
260 ## - Област на издателските данни
Име на издателя, разпространителя и проч. Сиела Норма
Година на издаване 2018
9 (RLIN) 217021
Място на издаване, разпространение и проч. София
Издателство - префикс ISBN 978-954-28-
300 ## - Физическа характеристика
Страници 376 с.
Размери/Мащаб 21 см
380 ## - Жанр
Жанр Худож. лит.
500 ## - Общи забележки
Забележка Ориг. загл.: Der Himmel kennt keine Guenstlinge / Erich Maria Remarque. В кн. погрешно отпеч. 2. изд. - 1. изд. 1973 на изд. Медицина и физкултура, в сер. Стадион.
700 1# - Други автори (авторска отговорност)
Лично име Ремарк, Ерих Паул
Автороска отговорност (Описва отношението между автора и произведението) *
9 (RLIN) 305816
700 1# - Други автори (авторска отговорност)
Лично име Константинов, Венцеслав
Автороска отговорност (Описва отношението между автора и произведението) прев. от нем.
9 (RLIN) 367608
852 ## - Местоположение
Форматна сигнатура Цб 295844
Фондова буква Хранилище
856 4# - Електронен адрес и достъп
Електронен формат pdf - файл
856 4# - Електронен адрес и достъп
Електронен формат pdf - файл
999 ## - СИСТЕМНИ КОНТРОЛНИ НОМЕРА
Koha biblionumber 364343
Koha biblioitemnumber 364343
942 ## - АРТИКУЛИ
Вид на библиотечния материал Книги
Скрит в OPAC Не
Koha issues (borrowed), all copies 49
Периодичен библиозапис Да
944 ## - СЪЗДАВАНЕ И РЕДАКЦИЯ на ЗАПИСА
Създаване/Редакция Създаване
Дата на регистрацията/редакция 2020-05-26
Служител, извършил регистрацията/редакцията 30576
Статус, дата на статуса Цветомила Тодорова
944 ## - СЪЗДАВАНЕ И РЕДАКЦИЯ на ЗАПИСА
Създаване/Редакция Редакция
Дата на регистрацията/редакция 21.06.2013
999 ## - СИСТЕМНИ КОНТРОЛНИ НОМЕРА
Koha biblioitemnumber 364343
999 ## - СИСТЕМНИ КОНТРОЛНИ НОМЕРА
Koha biblioitemnumber 364343
999 ## - СИСТЕМНИ КОНТРОЛНИ НОМЕРА
Koha biblioitemnumber 364343
999 ## - СИСТЕМНИ КОНТРОЛНИ НОМЕРА
Koha biblioitemnumber 364343
999 ## - СИСТЕМНИ КОНТРОЛНИ НОМЕРА
Koha biblioitemnumber 94217
Наличности
Код за отписване Код за изгубен артикул Източник на класификационната схема Код за повреда Код за отдаване Артикулен № Име на библиотеката - собственик Име на библиотеката, в която се намира в момента Статус (Текущо местоположение) Дата на вписване в системата Местоположение - отдел Цена в лева Инвентарен номер Систематично азбучна сигнатура Баркод Цена в евро Служебен тип на артикула Коз за рестрикции
  Не е изгубен Universal Decimal Classification Не е повреден заемане за дома 772439 Регионална библиотека "Любен Каравелов" Русе Регионална библиотека "Любен Каравелов" Русе Заемна - подръчен фонд 2020-05-28 Заемна - подръчен фонд 8.00 120000843494 821-31/Р 51 Е 120000843494 4.09 Книги  
  Не е изгубен Universal Decimal Classification Не е повреден заемане за дома 901527 Регионална библиотека "Любен Каравелов" Русе Регионална библиотека "Любен Каравелов" Русе Заемна - подръчен фонд 2022-08-24 Заемна - подръчен фонд 12.60   821-31/Р 51 Е 120000874438 6.44 Книги без рестрикции
  Не е изгубен Universal Decimal Classification Не е повреден ползва се в читалня 901528 Регионална библиотека "Любен Каравелов" Русе Регионална библиотека "Любен Каравелов" Русе Хранилище 2022-08-24 Основен фонд - ползва се само за читалня 12.60   Цб 295844 120000874437 6.44 Книги само за читалня
Vip Innovations Ltd, Rousse, Bulgaria 2025